| 000 | 00469ntaaa2200181 4500 | ||
|---|---|---|---|
| 003 | 01 | ||
| 005 | 20251027201942.0 | ||
| 008 | 0714s1973 ag 01 | ||
| 040 |
_aAR-BaBN _bspa _cAR-BaBN _eaacr _dRIC |
||
| 082 | _a248.0000 C16 | ||
| 100 |
_aCanclini, Arnoldo _938 |
||
| 245 | _aExaminame, Oh Dios | ||
| 250 |
_a1 ed. : _bJunta Bautista de Publicaciones, _cc1960 |
||
| 300 | _a82 p. | ||
| 500 | _aMeditaciones para la juventud | ||
| 650 |
_aJóvenes _91664 |
||
| 942 | _cBK | ||
| 999 |
_c14256 _d14256 |
||